| 000 | 01251cam a2200265 4500 | ||
|---|---|---|---|
| 001 | WB4009-09 | ||
| 008 | 040303n2004 000 0 eng u | ||
| 035 | _a(Sirsi) u125312 | ||
| 245 | _aOpencast coal policy updated | ||
| 260 | _c2004 | ||
| 490 |
_aScottish Executive News Release _v(SEC418/2004) 27 February 2004 (2) |
||
| 520 | _aResearch assessing the operation and effectiveness of planning guidance on opencast coal has concluded that the Scottish National Planning Policy Guideline 16 (NPPG 16) has provided a solid framework of guidance for planning authorities and that the overall level of opencast coal production in Scotland has not been affected by the introduction of NPPG 16. The Scottish Executive will review and update aspects of its opencast policy in light of the research's recommendations. Scottish Executive News Release http://www.scotland.gov.uk/pages/news/2004/02/SEC4 18.aspx. | ||
| 590 | _aWB | ||
| 590 | _aWB | ||
| 650 | _aOPENCAST COAL MINING | ||
| 650 | _aOPENCAST COAL | ||
| 650 | _aPLANNING GUIDANCE | ||
| 650 | _aNPPG16 | ||
| 650 | _aSCOTLAND | ||
| 650 | _aPLANNING APPLICATIONS | ||
| 650 | _aLOCAL COMMUNITIES | ||
| 650 | _aENVIRONMENTAL IMPACT | ||
| 690 | _aMINING AND MINERALS | ||
| 942 | _n0 | ||
| 999 |
_c117074 _d117074 |
||